Kontinuita bude ďalšou zo slovenských dcér Wiener Städtische
Po dlhých rokovaniach zmenila Kontinuita - Slovenská životná poisťovňa, a.s. Bratislava majiteľa. Majoritným akcionárom sa stane rakúska poisťovňa Wiener Städtische. Tá už má na Slovensku dve dcéry. Kúpou väčšinového podielu rakúsky poistiteľ získa manažérsku kontrolu nad poisťovňou, no vedenie zati...
Na minha lista:
| Autor principal: | |
|---|---|
| Formato: | Capítulo de Livro |
| Idioma: | eslovaco |
| Assuntos: | |
| Tags: |
Sem tags, seja o primeiro a adicionar uma tag!
|
MARC
| LEADER | 00000naa a2200000 4500 | ||
|---|---|---|---|
| 001 | r046487 | ||
| 005 | 20230921113707.0 | ||
| 041 | 0 | |a slo | |
| 044 | |a SK | ||
| 245 | 1 | 0 | |a Kontinuita bude ďalšou zo slovenských dcér Wiener Städtische |c Ján Záborský |
| 520 | |a Po dlhých rokovaniach zmenila Kontinuita - Slovenská životná poisťovňa, a.s. Bratislava majiteľa. Majoritným akcionárom sa stane rakúska poisťovňa Wiener Städtische. Tá už má na Slovensku dve dcéry. Kúpou väčšinového podielu rakúsky poistiteľ získa manažérsku kontrolu nad poisťovňou, no vedenie zatiaľ neplánuje meniť. Kontinuita si aj po zmene vlastníka ponechá pôvodný názov. | ||
| 610 | 2 | 0 | |a poisťovne |
| 610 | 2 | 0 | |a poistenie životné |
| 610 | 2 | 0 | |a investície zahraničné |
| 610 | 2 | 0 | |a akcionári |
| 610 | 2 | 0 | |a privatizácia |
| 610 | 2 | 0 | |a predaj |
| 610 | 2 | 0 | |a akcie |
| 610 | 2 | 0 | |a manažment |
| 610 | 2 | 0 | |a Kontinuita - Slovenská životná poisťovňa, a.s. Bratislava |
| 610 | 2 | 0 | |a Wiener Städtische |
| 100 | 1 | |a Záborský, Ján | |